Úloha Medzinárodného menového fondu pri riešení finančných kríz bakalárska práca

Saved in:
Bibliographic Details
Main Author: Zima, Jan
Corporate Author: Národohospodárska fakulta EU. Katedra bankovníctva a medzinárodných financií
Other Authors: Kováčová, Jana
Format: Book
Language:Slovak
Published: Bratislava 2015
Tags: Add Tag
No Tags, Be the first to tag this record!

MARC

LEADER 00000nbm a2200000 4500
001 0205008
005 20161212094924.7
041 0 |a slo 
044 |a SK 
245 1 0 |a Úloha Medzinárodného menového fondu pri riešení finančných kríz  |b bakalárska práca  |c Jan Zima ; školiteľ: Jana Kováčová 
264 1 |a Bratislava  |c 2015 
300 |a 59 s. 
100 1 |a Zima, Jan 
700 1 |a Kováčová, Jana 
710 2 |a Národohospodárska fakulta EU. Katedra bankovníctva a medzinárodných financií